| 000 | 00531nam a22001937a 4500 | ||
|---|---|---|---|
| 005 | 20260130153651.0 | ||
| 008 | 260129b |||||||| |||| 00| 0 eng d | ||
| 020 |
_a9789369675968 _cRs. 4995.00 |
||
| 040 | _aMAIN | ||
| 082 |
_a327 _bJ199I |
||
| 100 | _aJaiswal, Piyush Kumar | ||
| 245 | _aInternational relations today | ||
| 260 |
_bScientific Books International _c2026 _aNew Delhi |
||
| 300 | _av, 262 | ||
| 650 | _aInternational Relations | ||
| 650 | _aInternational System | ||
| 650 | _aPolitical Economy | ||
| 942 | _cBK | ||
| 999 |
_c395157 _d395157 |
||